<?xml version="1.0" encoding="UTF-8"?>
<collection xmlns="http://www.loc.gov/MARC21/slim">
 <record>
  <leader>01776nam a2200205Ia 4500</leader>
  <controlfield tag="001">TDMU_38377</controlfield>
  <controlfield tag="008">210410s9999    xx            000 0 und d</controlfield>
  <datafield tag="082" ind1=" " ind2=" ">
   <subfield code="a">658.4052</subfield>
  </datafield>
  <datafield tag="100" ind1=" " ind2=" ">
   <subfield code="a">Liberatore, Matthew J</subfield>
  </datafield>
  <datafield tag="245" ind1=" " ind2="0">
   <subfield code="a">Supply Chain Planning</subfield>
  </datafield>
  <datafield tag="245" ind1=" " ind2="0">
   <subfield code="b">Practical Frameworks for Superior Performance</subfield>
  </datafield>
  <datafield tag="245" ind1=" " ind2="0">
   <subfield code="c">Matthew J. Liberatore, Tan Miller</subfield>
  </datafield>
  <datafield tag="260" ind1=" " ind2=" ">
   <subfield code="b">Business Expert Press</subfield>
  </datafield>
  <datafield tag="260" ind1=" " ind2=" ">
   <subfield code="c">2012</subfield>
  </datafield>
  <datafield tag="300" ind1=" " ind2=" ">
   <subfield code="a">156Pages</subfield>
  </datafield>
  <datafield tag="520" ind1=" " ind2=" ">
   <subfield code="a">Ebook from IG Library ; In today's competitive global economy, a firm's market position and bottom-line financial performance is closely linked to its supply chain performance. All too often considerable managerial resources are directed toward planning activities and processes with little in the way of tangible results and outcomes. What supply chain executives require is the knowhow to efficiently and effectively direct their planning activities so that the results lead to better business decisions from the long-term down to day-to-day operations. In this book, we present proven, practical management frameworks and techniques used by the authors to support supply chain operations management and planning in private industry. These frameworks describe supply chain strategic planning and project selection techniques, integrated manufacturing-distribution planning and scheduling approaches, performance measurement and balanced scorecard methodologies, customer logistics and inventory deployment decision support systems, and other well-tested management frameworks.</subfield>
  </datafield>
  <datafield tag="650" ind1=" " ind2=" ">
   <subfield code="a">Supply and Operations Management; Quản trị chuỗi cung ứng</subfield>
  </datafield>
  <datafield tag="700" ind1=" " ind2=" ">
   <subfield code="a">Miller, Tan</subfield>
  </datafield>
  <datafield tag="856" ind1=" " ind2=" ">
   <subfield code="u">http://lrc.tdmu.edu.vn/opac/search/detail.asp?aID=2&amp;ID=38377</subfield>
  </datafield>
  <datafield tag="980" ind1=" " ind2=" ">
   <subfield code="a">Trung tâm Học liệu Trường Đại học Thủ Dầu Một</subfield>
  </datafield>
 </record>
</collection>
